000 00289nam a2200121 a 4500
008 100917s1959|||| d
245 1 0 _aZornička
100 1 _aDabrowská, Maria
260 _bSlovenský spisovateľ
_aBratislava
_c1959
020 _c6,10
044 _axo
_cSK
041 _aslo
999 _c10460
_d10460